Movies by Letter - U - Statistics

General Stats
  • This quiz has been taken 59 times
    40 since last reset
  • The average score is 11 of 25
Answer Stats
Hint Answer % Correct
Actress Thurman's first name Uma
95%
Home state of Fay Wray, Frank Borzage, and James Cruze Utah
89%
Language of many mostly Pakistani films like Devdas and Khuda Kay Liye Urdu
84%
The animals Tom Cruise protects in Legend unicorns
82%
She takes away Ariel's voice Ursula
82%
2009 Pete Docter film about a flying house Up
76%
Country with the third-most prolific film industry in the world United States of America
71%
1987 Brian De Palma film about Eliot Ness and Al Capone The Untouchables
66%
Hollywood studio known for its 1930s horror films Universal Studios
66%
Country of Anina, A Useful Life, Breadcrumbs, and A Moonless Night Uruguay
61%
Sentient robot who battles the Avengers Ultron
53%
A retired gunslinger does one last job to avenge an assaulted prostitute Unforgiven
53%
Film series in which Kate Beckinsale battles vampires and werewolves Underworld
42%
British star of Spartacus, Death on the Nile, Logan's Run, and Disney's animated Robin Hood Peter Ustinov
34%
Animated television series about a superhero canine that was adapted to film in 2007 Underdog
34%
Where "we got no troubles, life is the bubbles!" Under the Sea
32%
Weird Al runs a television station UHF
29%
Early American studio founded by Chaplin, Griffith, Fairbanks, and Pickford United Artists
24%
A stage musical adapted to film about the Titanic's most famous survivor The Unsinkable Molly Brown
21%
Groundbreaking 1960 NFB science documentary about outer space Universe
13%
Andy Warhol muse and Factory artist who appeared in films like Midnight Cowboy and The Secret Life of Hernando Cortez Ultra Violet
8%
Animation studio of Gerald McBoing Boing and Mr. Magoo United Productions of America
8%
French through-musical about Geneviève and Guy and the conflict in Algeria The Umbrellas of Cherbourg
5%
2010 Palme d'Or-winning film by Apichatpong Weerasethakul Uncle Boonmee Who Can Recall His Past Lives
5%
Hitchcock's 1949 romantic drama set in 1830s Australia Under Capricorn
5%
No matching quizzes found
Score Distribution
Percent of People with Each Score
Percentile by Number Answered
Your Score History
You have not taken this quiz since the last reset